| 000 | 00503nam a2200181 4500 | ||
|---|---|---|---|
| 999 |
_c168909 _d168909 |
||
| 005 | 20191031123027.0 | ||
| 010 | _aENG-126760 | ||
| 020 |
_a9788193324806 _c195.00 |
||
| 035 | _aEN-110292 | ||
| 037 | _bDBAD/PUB | ||
| 082 | _aN | ||
| 100 | _aMazumdar, Probal | ||
| 245 |
_aKey to my soul / _cby Probal Mazumdar |
||
| 260 |
_aNoida _bMaple Press _c2016 |
||
| 270 |
_aA-63, Sector 58 _bNoida _e201301 _k911204553581 _minfo@maplepress.co.in |
||
| 300 |
_axi;295p. _c21cm(pbk) |
||
| 942 |
_2ddc _cEN _hN _mMAZ |
||